Statistics for Fast food

Click here to take the quiz!

General Stats

  • This quiz has been taken 4 times
  • The average score is 14 of 15

Answer Stats

HeyNo% Correct
Arby’sArbys
100%
Burger kingBurgerking
100%
Carl’s jrCarlsJr.
100%
Dairy QueenDairyQueen
100%
Hardee’sHardees
100%
Hungry jack’sHungryjacks
100%
Jack in the boxJackinthebox
100%
Pizza hutPizzahut
100%
PopeyesPopeyes
100%
StarbucksStarbucks
100%
Wendy’sWendys
100%
White CastleWhitecastle
100%
WingstreetWingstreet
100%
McDonald’sMcDonalds
75%
Domino’s pizzaDominopizza
25%

Score Distribution

Percentile by Number Answered

Percent of People with Each Score

Your Score History

You have not taken this quiz